TWO CONSTRUCTIONS OF GEODETIC GRAPHS

Bibliographic Details
Main Author: Plesník, Ján, 1943- (Author)
Format: Article
Language:English

MARC

LEADER 00000nab a2200000uu 4500
001 vtls011451015
003 SK-MaSNL
005 20260303151405.0
008 230222|1977 xo |||||||||||||||||eng|
015 |a SNBRB 
035 |a (urnnbn)urn:nbn:sk:snk:ar-006k98 
035 |a (uuid)ad0aad5b-bec8-4624-9f4a-2f7ef31d4f19 
035 |a urn:nbn:sk:snk-abcn2m 
040 |a SNKBUCL  |b slo  |c SNKBUCL  |e AACR2 
041 0 |a eng 
044 |a xo  |c SK 
100 1 |a Plesník, Ján,  |d 1943-  |4 aut  |9 197661 
245 1 0 |a TWO CONSTRUCTIONS OF GEODETIC GRAPHS  |c Ján Plesník 
773 0 |t Mathematica Slovaca  |g Roč. 27, č. 1 (1977), s. 65-71 
958 |a OND 
958 |a EUIPO 
958 |a article16 
999 |c 2017500  |d 2019430